000 00612nam a2200205Ia 4500
003 IN-BaIIA
008 211028s9999 xx 000 0 eng d
040 _cIIA Library
080 _a658.5
_bBAN
100 _aBanga, T. R
_915113
245 0 _aIndustrial organisation and engineering economics
_cT. R Banga and S. C. Sharma
250 _a14th ed.
260 _aDelhi
_bKhanna Publishers
_c1986
300 _axx, 1012p.
650 _aAstronomy and Astrophysics Thesaurus
650 _aEngineering economics
_915114
650 _aIndustrial organisation
_915115
700 _aSharma, S. C.
_911119
942 _cBK
999 _c8990
_d8990